1384 1107 1450 1298 1894 1802 1118 1415 1945 1248 1120 1174 1180 1967 1605 1485 1161 1871 1325 1616 1448 1072 1330 1226 1832 1542 2000 1753 1578 1387 1721 1171 1465 1493 1210 1009 1526 1224 1568 1131 1925 1352 1389 1104 1824 1150 1364 1426 1363 1620 1027 1232 1710 1409 1907 1678 1214 1756 1134 1571 1351 1502 1041 1544 1847 1979 1793 1426 1666 1782 1376 1404 1489 1192 1019 1582 1484 1084 1012 1931 1792 1733 1118 1087 1995 1357 1328 1961 1921 1441 1917 1310 1107 1926 1023 1978 1765 1401 1870 BCNSPRNW ULIB Ver.6.0+V

เปลี่ยนเป็นภาษาไทย

Change to English
 แสดงรายละเอียดบรรณานุกรม
  กลับหน้าหลัก

Brief Record : Get Marc (ISO 2709) : E-mail record : QR code < ปิดหน้าต่าง
LEADER : 00000nam 2200000uu 4500
001    13399126852
003     ULIB
008    020711s|||| th a 000 0 tha d
060    วจ^aWY152^bม189ก
100    ^aมยุรี บุญทัด
245    ^aการพัฒนารูปแบบพฤติกรรมส่งเสริมสุขภาพผู้สูงอายุโรคความดันโลหิตสูงในชุมชนชนบทแห่งหนึ่ง จังหวัดชัยนาท : Development of Health Promotion Behaviors Model of Older people with Hypertension in a Rural community, Chainat
260    ^aชัยนาท :^bกลุ่มวิชาการ วิทยาลัยพยาบาลบรมราชชนนี ชัยนาท,^cม.ป.ป.
650    ^aผู้สูงอายุ^xโรคความดันโลหิตสูง
945    ^p0^l0^i005511
999    ^aประนอม เกษจรัล
รายการนี้ยังไม่มีแท็ก
คุณยังไม่ได้ล็อกอิน คุณสามารถมีกิจกรรมร่วมกับเว็บไซต์ได้ แต่ต้องล็อกอินก่อน ::
  ล็อกอิน

รายการสื่อสารสนเทศ

ลำดับที่ ประเภท เลขเรียก/บาร์โค้ด สถานที่ สถานะ
1. Book การพยาบาล
Book การพยาบาล
วจ WY152 ม189ก ฉ.1 
  Barcode: 005511
ห้องสมุดวิทยาเขตสวรรค์ประชารักษ์
►หนังสือทั่วไป
บนชั้น

BibComment


ยังไม่เคยถูกคอมเมนท์

คอมเมนท์ทรัพยากรรายการนี้
  คอมเมนท์: การพัฒนารูปแบบพฤ..


 Copyright 2026. Bcnsprnw @Library